YOU CAN CALL IT A DAY (Record no. 568059)
[ view plain ]
| 000 -LEADER | |
|---|---|
| fixed length control field | 00237nam a22001097a 4500 |
| 082 ## - DEWEY DECIMAL CLASSIFICATION NUMBER | |
| Classification number | 808.3 CHE'Y |
| 100 ## - MAIN ENTRY--PERSONAL NAME | |
| Personal name | CHENEY, PETA |
| 9 (RLIN) | 57806 |
| 245 ## - TITLE STATEMENT | |
| Title | YOU CAN CALL IT A DAY |
| 260 ## - PUBLICATION, DISTRIBUTION, ETC. | |
| Place of publication, distribution, etc. | LONDON |
| Name of publisher, distributor, etc. | COLLINS |
| Date of publication, distribution, etc. | 1949 |
| 300 ## - PHYSICAL DESCRIPTION | |
| Extent | 191P |
| 942 ## - ADDED ENTRY ELEMENTS (KOHA) | |
| Koha item type | Book |
| Withdrawn status | Lost status | Damaged status | Not for loan | Permanent Location | Current Location | Shelving location | Date acquired | Total Checkouts | Full call number | Barcode | Date last seen | Price effective from | Koha item type |
|---|---|---|---|---|---|---|---|---|---|---|---|---|---|
| College of Electrical & Mechanical Engineering (CEME) | College of Electrical & Mechanical Engineering (CEME) | General Stacks | 07/14/2017 | 808.3 CHE'Y | CEME-3746 | 06/28/2021 | 06/28/2021 | Book |
